000 01807cam a22004814i 4500
003 PE-LiUPU
005 20250731173030.0
008 150623s r 000 0 d
020 _a0802837689
035 _a(Sirsi) i9780802837684
040 _aPE-LiUPU
_bspa
_cPE-LiUPU
_erda
049 _aPRUA
082 0 4 _a230
_bM77
_221
100 1 _aMontefiore, Hugh,
_eautor.
245 1 0 _aCredible christianity :
_bthe gospel in contemporary society /
_cHugh Montefiore.
264 1 _aGrand Rapids, Michigan :
_bWIlliam B. Eerdmans Publishing Company,
_c1993.
300 _a285 páginas ;
_c24 centímetros
336 _atext
_2rdacontent
337 _aunmediated
_2rdamedia
338 _avolume
_2rdacarrier
490 0 _aA Selection of the Episcopal Book Club
504 _aBibliografía al final de cada capítulo.
505 0 _aCreation. -The nature of human beings. -The person of Jesus. -The work of Christ. -The doctrine of God. -The christian mission. -The christian community. -Word and sacrament. -Ministry in the church. -The last things. -Practical christianity. -Spirituality and theology.
526 _aSEG42
526 _aSEG41
526 _aSEG40
526 _aSEG39
526 _aP94
526 _aP87
526 _aP86
526 _aP85
526 _aP77
526 _aP76
526 _aP35
650 0 4 _aApologética.
_92321
650 0 4 _aTeología.
942 _2ddc
_cBOOK
949 _a230 M77
_wDEWEY
_c1
_i48095
_lCCODEBUL1
_mBUL
_r0
_sY
_tBOOK
_u2015-6-24
_xTEOLOGIA
_PP35
_0COMPRA
_o.STAFF. Colección General
994 _aC0
_bPEPRU
596 _a1
999 _a230 M77
_wDEWEY
_c25071
_i48095
_f2021-11-9
_g5
_lCCODEBUL1
_mBUL
_r0
_sY
_tBOOK
_u2015-6-24
_xTEOLOGIA
_PP35
_0COMPRA
_o.STAFF. Colección General
_d25071
980 _81
_gALBERTO SANCHEZ Responsable de Automatización